| 000 | 01345nam0a22003011 4500 | ||
|---|---|---|---|
| 001 | rc\4033592 | ||
| 005 | 20260406073017.0 | ||
| 021 |
_aRU _b[46-15243] |
||
| 035 | _a(NLR Aleph) 008093954 | ||
| 090 |
_a9201435 _c9201435 |
||
| 100 | _a20130415d1946 |||y0rusy50 ca | ||
| 101 | 0 | _arus | |
| 102 | _aRU | ||
| 105 | _ay z |||a| | ||
| 200 | 1 |
_aЗа тех, кто в море _eПьеса в 4 д., 8 карт. |
|
| 210 |
_aМосква _cИзд-во и стеклогр. Отд. распространения Всес. упр. по охране автор. прав _d[1946] |
||
| 215 |
_a62 с. _d26 |
||
| 300 | _aСтеклогр. изд. | ||
| 300 | _aПеред загл. автор: Борис Лавренев, на обл.: Борис Лавренев, лауреат Сталинской премии | ||
| 300 | _aПьеса выходила также под загл.: Дальняя дорога | ||
| 606 |
_aМоряки в Великой Отечественной войне (х. л.) _2psbo |
||
| 606 |
_aВеликая Отечественная война (х. л.) _2psbo |
||
| 700 | 1 |
_4070 _8rus _7ca _aЛавренев _bБ. А. _gБорис Андреевич _f1891-1959 _3RU\NLR\auth\7731140 _914151 |
|
| 801 | 0 |
_aRU _bNLR _gpsbo |
|
| 801 | 1 |
_aRU _bELAR _2rusmarc |
|
| 852 |
_aNLR _jЛ30 Г-8/271 |
||
| 942 | _cBOOK | ||
| 980 | _aNB | ||